| 000 | 01845cam a22004574i 4500 | ||
|---|---|---|---|
| 003 | PE-LiUPU | ||
| 005 | 20250731172937.0 | ||
| 008 | 150623s1998 nyua rb 000 0 eng d | ||
| 020 | _a0773422412 | ||
| 035 | _a(Sirsi) i9780773422414 | ||
| 040 |
_aPE-LiUPU _bspa _cPE-LiUPU _erda |
||
| 049 | _aPRUA | ||
| 082 | 0 | 4 |
_a222.13 _bK62 _221 |
| 100 | 1 |
_aKlingbeil, Gerald A., _eautor. |
|
| 245 | 1 | 2 |
_aA comparative study of the ritual of ordination as found in Leviticus 8 and Emar 369 / _cGerald A. Klingbeil. |
| 264 | 1 |
_aNew York : _bThe Edwin Mellen Press, _c1998. |
|
| 300 |
_a679 p : _bilustraciones, cuadros, diagrámas ; _c22 centímetros |
||
| 336 |
_atext _2rdacontent |
||
| 337 |
_aunmediated _2rdamedia |
||
| 338 |
_avolume _2rdacarrier |
||
| 504 | _aIncluye bibliografía. | ||
| 505 | 0 | _aIntroduction -- Ritual in the contex of the cultural universe -- some methodological considerations -- Introduction to leviticus 8 -- Exegesis of leviticus 8 -- Ordination ritual at Emar -- Compare and contrast -- Conclusion -- Apendix -- Subject index -- Author index -- Biblical references index. | |
| 526 | _aSEG42 | ||
| 526 | _aSEG41 | ||
| 526 | _aSEG40 | ||
| 526 | _aSEG39 | ||
| 526 | _aP94 | ||
| 526 | _aP87 | ||
| 526 | _aP86 | ||
| 526 | _aP85 | ||
| 526 | _aP77 | ||
| 526 | _aP76 | ||
| 526 | _aP35 | ||
| 630 | 0 | 4 |
_aBiblia. _pA.T. _pLevìtico 8 _xComentarios. |
| 942 |
_2ddc _cBOOK |
||
| 949 |
_a222.13 K62 _wDEWEY _c1 _i44432 _lCCODEBUL1 _mBUL _r0 _sY _tBOOK _u2015-6-24 _xTEOLOGIA _PP35 _0COMPRA _o.STAFF. Colección Teología |
||
| 994 |
_aC0 _bPEPRU |
||
| 596 | _a1 | ||
| 999 |
_a222.13 K62 _wDEWEY _c21308 _i44432 _d21308 _e2018-1-2 _f2021-11-9 _g5 _lCCODEBUL1 _mBUL _n1 _p50.00 _r0 _sY _tBOOK _u2015-6-24 _xTEOLOGIA _PP35 _0COMPRA _o.STAFF. Colección Teología |
||
| 980 |
_81 _gALBERTO SANCHEZ Responsable de Automatización |
||